Actors in The X-Files Famous for Other Roles - Statistics

General Stats
  • This quiz has been taken 49 times
  • The average score is 4 of 15
Answer Stats
Clues Actor % Correct
"Good morning Clarice..." Jodie Foster
53%
Main actor of the Evil Dead franchise. Bruce Campbell
44%
Famous for his roles in Family Guy and the Austin Powers films. Seth Green
44%
Played a bear with martial-arts skills. Jack Black
37%
Played a warrior princess. Lucy Lawless
37%
He's the Merc with the Mouth. Ryan Reynolds
35%
"Say my name" Bryan Cranston
33%
Starred in Avatar, Ted and Sneaky Pete. Giovanni Ribisi
21%
Another (bald) actor from Lost. Terry O'Quinn
16%
Creepy in Lord of the Rings and nervous in One Flew Over the Cuckoo's Nest. Brad Dourif
14%
Played a creepy villain in Lost. Michael Emerson
12%
His head exploded many times in Men in Black. Tony Shalhoub
12%
Once had a mouth full of bees. Tony Todd
9%
Played a main role in The Walking Dead. Laurie Holden
5%
His unique appearance has landed him many roles as monsters and mutants. Michael Berryman
0%
No matching quizzes found
Score Distribution
Percent of People with Each Score
Percentile by Number Answered
Your Score History
You have not taken this quiz